Explainable deep learning AI (Record no. 758796)
[ view plain ]
| 000 -LEADER | |
|---|---|
| fixed length control field | 00483nam a2200181 4500 |
| 020 ## - INTERNATIONAL STANDARD BOOK NUMBER | |
| ISBN | 9780323960984 |
| 082 ## - DEWEY DECIMAL CLASSIFICATION NUMBER | |
| Classification number | 006.31 |
| Item number | PIN.E |
| 084 ## - OTHER CLASSIFICATION NUMBER | |
| Source of Number | Colon Classification |
| 100 ## - MAIN ENTRY--AUTHOR NAME | |
| Personal name | Pineau, Jenny Benois |
| 245 ## - TITLE STATEMENT | |
| Title | Explainable deep learning AI |
| 260 ## - PUBLICATION, DISTRIBUTION, ETC. (IMPRINT) | |
| Place of publication | London: |
| Name of publisher | Academic press; |
| Year of publication | 2023. |
| 300 ## - PHYSICAL DESCRIPTION | |
| Number of Pages | 329p. |
| 700 ## - ADDED ENTRY--PERSONAL NAME | |
| Personal name | Romain Bourqui |
| 700 ## - ADDED ENTRY--PERSONAL NAME | |
| Personal name | Dragutin Petkovic |
| 700 ## - ADDED ENTRY--PERSONAL NAME | |
| Personal name | georges Quenot |
| 942 ## - ADDED ENTRY ELEMENTS (KOHA) | |
| Source of classification or shelving scheme | Dewey Decimal Classification |
| Koha item type | Book |
| Withdrawn status | Lost status | Source of classification or shelving scheme | Damaged status | Not for loan | Collection code | Home Library | Current Location | Shelving location | Date acquired | Full call number | Accession Number | Price effective from | Koha item type |
|---|---|---|---|---|---|---|---|---|---|---|---|---|---|
| Dewey Decimal Classification | Non-fiction | Campus Library Kariavattom | Campus Library Kariavattom | General Stacks | 21/04/2026 | 006.31 PIN.E | UCL35476 | 21/04/2026 | Book |
